| 000 | 00478nam a2200157 i 4500 | ||
|---|---|---|---|
| 001 | 45892 | ||
| 003 | ES-MaACL | ||
| 005 | 20230906161308.0 | ||
| 007 | t| | ||
| 008 | 030327s1939 pr ||||1| spa d | ||
| 110 | 2 |
_aComisión del Centenario de Hostos. _93027 |
|
| 245 | 1 | 0 | _aBoletines números 10 y 11 de la Comisión del Centenario de Hostos. |
| 260 |
_aSan Juan de Puerto Rico : _b[s.n., _c1939] |
||
| 300 |
_a2 nº en 1 v. ; _c22 cm. |
||
| 852 |
_aES-MaACL _jF-15340 _bR.19054 |
||
| 999 |
_c45892 _d45892 |
||